Southville International School and Colleges
Your cart is empty.
  • Cart
  • Lists
    Public lists Eva Luna New books Lux_list list_1
    Your lists Log in to create your own lists
  • Log in to your account
  • Your cookies
  • Search history
Southville International School and Colleges
  • Advanced search
  • Recent comments
  • Most popular
  • Libraries

Log in to your account

Log in with GOOGLE


If you do not have an external account, but do have a local account, you can still log in:

  1. Home
  2. MARC view: Arithmetwists, book B /
Normal view MARC view ISBD view

Arithmetwists, book B / (Record no. 103375)

[ view plain ]
MARC details
000 -LEADER
fixed length control field 00588nam a2200193 a 4500
005 - DATE AND TIME OF LATEST TRANSACTION
control field 20140412111301.0
008 - FIXED-LENGTH DATA ELEMENTS--GENERAL INFORMATION
fixed length control field 001111s19uu xx 00 eng d
020 ## - INTERNATIONAL STANDARD BOOK NUMBER
International Standard Book Number 1-56107-620-1
050 ## - LIBRARY OF CONGRESS CALL NUMBER
Classification number TR(GS 513.1
Item number COO771 1995
100 ## - MAIN ENTRY--PERSONAL NAME
Personal name Cook, Marcy
245 ## - TITLE STATEMENT
Title Arithmetwists, book B /
Statement of responsibility, etc Marcy Cook.
250 ## - EDITION STATEMENT
Edition statement Xerox
260 ## - PUBLICATION, DISTRIBUTION, ETC. (IMPRINT)
Place of publication, distribution, etc Mountain View, CA :
Name of publisher, distributor, etc Creative Pub,
Date of publication, distribution, etc 1995.
300 ## - PHYSICAL DESCRIPTION
Extent 24 (pt.1), 24p (pt.2); ill.
440 ## - SERIES STATEMENT/ADDED ENTRY--TITLE
Title Mathland
650 ## - SUBJECT ADDED ENTRY--TOPICAL TERM
Topical term or geographic name as entry element Arithmetic -- Problems, exercises,etc. -- study and teaching
650 ## - SUBJECT ADDED ENTRY--TOPICAL TERM
Topical term or geographic name as entry element Logic, symbolic and mathematical
Holdings
Withdrawn status Lost status Damaged status Home library Current library Shelving location Date acquired Source of acquisition Total Checkouts Full call number Barcode Date last seen Price effective from Koha item type
      Elizalde Library Elizalde Library Teachers Reference Section 11/11/2000     TR(GS 513.1 COO771 1995 E4630 04/12/2014 04/12/2014 Books

Arithmetwists, book B /

APA

Cook M., . (1995). Arithmetwists, book B. Mountain View, CA: Creative Pub.

Chicago

Cook Marcy, . 1995. Arithmetwists, book B. Mountain View, CA: Creative Pub.

Harvard

Cook M., . (1995). Arithmetwists, book B. Mountain View, CA: Creative Pub.

MLA

Cook Marcy, . Arithmetwists, book B. Mountain View, CA: Creative Pub. 1995.

  • Place hold
  • Print
  • Cite
  • Add to your cart (remove)
  • Save record
    BIBTEX Dublin Core MARCXML MARC (non-Unicode/MARC-8) MARC (Unicode/UTF-8) MARC (Unicode/UTF-8, Standard) MODS (XML) RIS
  • More searches
    Search for this title in:
    Other Libraries (WorldCat) Other Databases (Google Scholar) Online Stores (Bookfinder.com) Open Library (openlibrary.org)

Exporting to Dublin Core...

SOUTHVILLE LIBRARY

Southville International School and Colleges Library

1281 Tropical Ave. Cor. Luxembourg St., BF Homes International, Las Pinas City

Tel. No. 8256374 / 252358 Loc. 117/146

Powered by Koha